Страны с четырёхцветными флагами - Statistics

General Stats
  • This quiz has been taken 11 times
    10 since last reset
  • The average score is 22 of 44
Answer Stats
Цвет Цвет Цвет Цвет Страна % Correct
Ирак
86%
Азербайджан
71%
Венесуэла
71%
Мьянма
71%
Таджикистан
71%
Бразилия
57%
Бруней
57%
Бутан
57%
Гана
57%
Джибути
57%
Замбия
57%
Индия
57%
Иордания
57%
Кения
57%
Ливия
57%
Маврикий
57%
Объединённые Арабские Эмираты
57%
Суринам
57%
Черногория
57%
Эфиопия
57%
Вануату
43%
Восточный Тимор
43%
Гамбия
43%
Гвинея-Бисау
43%
Египет
43%
Кабо-Верде
43%
Лесото
43%
Лихтенштейн
43%
Республика Корея
43%
Сент-Люсия
43%
Сирия
43%
Соломоновы острова
43%
Судан
43%
Танзания
43%
Того
43%
Уругвай
43%
Филиппины
43%
Эритрея
43%
Аргентина
29%
Камбоджа
29%
Кувейт
29%
Малайзия
29%
Папуа-Новая Гвинея
29%
Сан-Томе и Принсипи
14%
No matching quizzes found
Score Distribution
Percent of People with Each Score
Percentile by Number Answered
Your Score History
You have not taken this quiz since the last reset